| 000 | | | 03914nac2a22002771x 450 |
| 001 | | | 2deeeb2b-c5c0-4bf2-b2aa-613295a46d6d |
| 005 | | | 20131101164216.0 |
| 100 | ## | $a | 20130605l18891900k y0rusy50 ca |
| 101 | 0# | $a | rus |
| 102 | ## | $a | RU |
| 105 | ## | $a | y z ||||| |
| 200 | 1# | $a | Станкевича Александра Владимировича |
| | $j | 1889-1900 |
| 215 | ## | $a | 16 листов |
| 251 | ## | $c | Дело |
| 300 | ## | $a | Заголовок дела на папке: Письма Станкевича Александра Владимировича Чичерина Борису Николаевичу |
| 300 | ## | $a | Листы: 1, 2, 4, 6 - надорваны; 13 - водяные знаки; 9- телеграмма |
| 300 | ## | $a | Рукописный текст |
| 330 | ## | $a | I. Документальные материалы Чичерина Бориса Николаевича; 4. Письма Чичерину Борису Николаевичу |
| 461 | #0 | $1 | 001a2b88c22-7382-4871-bdc3-4aece11b8d40 |
| | $1 | 2001 |
| | $a | Чичерин Борис Николаевич, юрист, философ, профессор Московского университета, земский деятель |
| | $1 | 251 |
| | $c | Фонд |
| | $1 | 852 |
| | $j | 1154 |
| 462 | #0 | $1 | 0010f5d1238-14f8-4ae3-a091-3e8b6c6244ae |
| | $1 | 2001 |
| | $a | Чичерины, Капнисты, 1711-1939 гг. |
| | $1 | 251 |
| | $c | Опись |
| | $1 | 852 |
| | $j | 1 |
| 517 | ## | $a | Письма Станкевича Александра Владимировича Чичерина Борису Николаевичу |
| 600 | #1 | $a | Чичерин |
| | $b | Б. Н. |
| | $f | 1828-1904 |
| | $g | Борис Николаевич |
| 600 | #1 | $a | Станкевич |
| | $b | А. В. |
| | $g | Александр Владимирович |
| 801 | #0 | $a | RU |
| | $b | GA_RF |
| 801 | #1 | $a | RU |
| | $b | НПО Опыт |
| | $c | 20130605 |
| | $2 | rusmarc |
| 801 | #2 | $a | RU |
| | $b | ПБ им. Б.Н. Ельцина |
| | $c | 20131101 |
| | $g | RCR |
| | $2 | rusmarc |
| 852 | ## | $a | ГА РФ |
| | $j | 90 |
| 937 | ## | $d | 40438462 |
| | $h | ПБ |
| 035 | ## | $a | RuPRLIB51006940 |